|
|
|
|
| LEADER |
00000nab a2200000uu 4500 |
| 001 |
vtls010894419 |
| 003 |
SK-MaSNL |
| 005 |
20260303172600.0 |
| 008 |
230222|1956 xo |||||||||||||||||slo| |
| 015 |
|
|
|a SNBRB
|
| 035 |
|
|
|a (urnnbn)urn:nbn:sk:snk:ar-006go6
|
| 035 |
|
|
|a (uuid)e470fd04-edb1-45b0-bfc6-c3a8227be286
|
| 035 |
|
|
|a urn:nbn:sk:snk-ab8nk3
|
| 040 |
|
|
|a SNKBUCL
|b slo
|c SNKBUCL
|e AACR2
|
| 041 |
0 |
|
|a slo
|
| 044 |
|
|
|a xo
|c SK
|
| 100 |
1 |
|
|a Babušek, František
|4 aut
|9 228417
|
| 245 |
1 |
0 |
|a SKÚŠANIE ZÁVITOVEJ IZOLÁCIE ELEKTROMOTOROV V PREVÁDZKE
|c F. Babušek
|
| 773 |
0 |
|
|t Strojnoelektrotechnický časopis SAV
|g Roč. 7, č. 3 (1956), s. 188-190
|
| 954 |
|
|
|a odborná, vedecká literatúra pôvodná (slovenská)
|2 lita
|
| 958 |
|
|
|a OND
|
| 958 |
|
|
|a EUIPO
|
| 958 |
|
|
|a article10
|
| 999 |
|
|
|c 2087273
|d 2089203
|